[Event "Yalta Yialos Blitz"]
[Site "Yalta"]
[Date "2022.08.31"]
[Round "13"]
[White "Sanin, Andrey"]
[Black "Derjabin, Ilja"]
[Result "0-1"]
[WhiteElo "2196"]
[BlackElo "2333"]
[PlyCount "54"]
[EventDate "2022.08.31"]
[EventType "swiss (blitz)"]
[EventRounds "13"]
[EventCountry "UKR"]
[SourceTitle "CBM 210 Extra"]
[Source "ChessBase"]
[SourceDate "2022.11.30"]
[SourceVersion "1"]
[SourceVersionDate "2022.11.30"]
[SourceQuality "1"]

1. c4 c5 2. Nc3 Nf6 3. g3 g6 4. Bg2 Bg7 5. e4 0-0 6. Nge2 d6 7. 0-0 Nc6 8. h3 a6 9. d3 Rb8 10. a4 Nb4 11. Be3 Bd7 12. Kh2 h5 13. e5 Ne8 14. exd6 exd6 15. d4 b6 16. Qd2 Be6 17. b3 Nf6 18. Rad1 Bf5 19. Rc1 Re8 20. Nf4 Ne4 21. Nxe4 Bxe4 22. Bxe4 Rxe4 23. dxc5 dxc5 24. Qxd8+ Rxd8 25. a5 bxa5 26. Bxc5 Rd2 27. Be3 Rxe3 0-1

[Event "RUS-chT blitz"]
[Site "Sochi"]
[Date "2016.10.07"]
[Round "12.4"]
[White "Lugovskoy, Maxim"]
[Black "Sanin, Andrey"]
[Result "1-0"]
[WhiteElo "2436"]
[BlackElo "2222"]
[PlyCount "134"]
[EventDate "2016.10.07"]
[EventType "team-swiss (blitz)"]
[EventRounds "15"]
[EventCountry "RUS"]
[SourceTitle "EXT 2017"]
[Source "ChessBase"]
[SourceDate "2016.10.25"]
[SourceVersion "1"]
[SourceVersionDate "2016.10.25"]
[SourceQuality "1"]
[WhiteTeam "Bulbasaur Samara Region"]
[BlackTeam "Tauris Krym Republic"]
[WhiteTeamCountry "RUS"]
[BlackTeamCountry "RUS"]

1. d4 d5 2. Nc3 Nf6 3. Bf4 c6 4. e3 Bf5 5. f3 Bg6 6. g4 e6 7. h4 h6 8. Bd3 Bxd3 9. cxd3 Bd6 10. Nge2 Bxf4 11. exf4 Na6 12. Qd2 Qd6 13. 0-0-0 0-0-0 14. Kb1 Kb8 15. Ng3 g5 16. Nce2 gxf4 17. Nxf4 c5 18. dxc5 Nxc5 19. d4 Ncd7 20. Nge2 Rc8 21. Nd3 Nb6 22. b3 Rc7 23. h5 Nbd7 24. Rc1 Rxc1+ 25. Rxc1 Qh2 26. Qc2 Nb6 27. Qd2 Rc8 28. Rxc8+ Nxc8 29. Ne5 Nd6 30. Kc2 Qf2 31. Nc3 Qxd2+ 32. Kxd2 Nh7 33. Ne2 Ng5 34. Ke3 Kc7 35. Ng3 Kd8 36. f4 Nh7 37. Nf3 f6 38. Ne2 Ne4 39. Nd2 Nxd2 40. Kxd2 Ke7 41. Nc1 Kd6 42. Nd3 Nf8 43. Ke3 b6 44. Kf3 Nh7 45. Kg3 Ke7 46. Kh4 Kd6 47. Kg3 Ke7 48. a4 Kd6 49. b4 Ke7 50. b5 Kd6 51. Kf3 Nf8 52. Nb4 Kc7 53. f5 exf5 54. Nxd5+ Kd6 55. Nxf6 fxg4+ 56. Nxg4 Kd5 57. Ke3 Nd7 58. Kd3 Nf8 59. Nxh6 Ne6 60. Ke3 Ng7 61. Ng8 Nxh5 62. Ne7+ Kc4 63. Nc6 Kb3 64. Nxa7 Kxa4 65. d5 Nf6 66. Kd4 Kb4 67. d6 Nd7 1-0

[Event "RUS-chT blitz"]
[Site "Sochi"]
[Date "2016.10.07"]
[Round "5.4"]
[White "Sharafiev, Azat"]
[Black "Sanin, Andrey"]
[Result "1-0"]
[WhiteElo "2418"]
[BlackElo "2222"]
[PlyCount "105"]
[EventDate "2016.10.07"]
[EventType "team-swiss (blitz)"]
[EventRounds "15"]
[EventCountry "RUS"]
[SourceTitle "EXT 2017"]
[Source "ChessBase"]
[SourceDate "2016.10.25"]
[SourceVersion "1"]
[SourceVersionDate "2016.10.25"]
[SourceQuality "1"]
[WhiteTeam "Tatarstan Ladya"]
[BlackTeam "Tauris Krym Republic"]
[WhiteTeamCountry "RUS"]
[BlackTeamCountry "RUS"]

1. Nf3 d5 2. d4 Nf6 3. c4 e6 4. g3 Be7 5. Bg2 0-0 6. 0-0 dxc4 7. Qc2 a6 8. Rd1 b5 9. Ne5 Nd5 10. b3 cxb3 11. axb3 Bb7 12. Ba3 Bxa3 13. Rxa3 Nb4 14. Qd2 Bxg2 15. Kxg2 Nd5 16. e4 Nf6 17. Qc2 Qd6 18. Nf3 Qb6 19. Rc1 Rd8 20. Nbd2 Ra7 21. e5 Nd5 22. Ng5 g6 23. Ndf3 Nd7 24. h4 h5 25. Qe4 Nf8 26. Ra2 Raa8 27. g4 hxg4 28. Qxg4 Rac8 29. Rac2 Nb4 30. Rc5 Nd3 31. Rc6 Qb7 32. R1c3 Nb4 33. R6c5 Nd5 34. Rc1 Nb4 35. h5 Nd3 36. hxg6 Nxg6 37. Nxe6 Nxc1 38. Nxd8 Rxd8 39. Rxc1 Kg7 40. e6 fxe6 41. Kg3 Rf8 42. Ne5 Rf6 43. f3 Qb6 44. Rh1 Qd6 45. Qh5 Qxd4 46. Qh7+ Kf8 47. Nxg6+ Rxg6+ 48. Qxg6 Qe5+ 49. Kh3 Qf4 50. Qg4 Qh6+ 51. Kg2 Qd2+ 52. Kg3 Qd6+ 53. Qf4+ 1-0

[Event "RUS-chT blitz"]
[Site "Sochi"]
[Date "2016.10.07"]
[Round "7.5"]
[White "Usmanov, Vasily"]
[Black "Sanin, Andrey"]
[Result "1-0"]
[WhiteElo "2431"]
[BlackElo "2222"]
[PlyCount "200"]
[EventDate "2016.10.07"]
[EventType "team-swiss (blitz)"]
[EventRounds "15"]
[EventCountry "RUS"]
[SourceTitle "EXT 2017"]
[Source "ChessBase"]
[SourceDate "2016.10.25"]
[SourceVersion "1"]
[SourceVersionDate "2016.10.25"]
[SourceQuality "1"]
[WhiteTeam "St Petersburg SDYUSSHOR"]
[BlackTeam "Tauris Krym Republic"]
[WhiteTeamCountry "RUS"]
[BlackTeamCountry "RUS"]

1. b3 d5 2. Bb2 Nf6 3. e3 e6 4. c4 c5 5. Nf3 Nc6 6. cxd5 exd5 7. d4 Be7 8. dxc5 Bxc5 9. Be2 0-0 10. 0-0 Bg4 11. Nbd2 a6 12. Rc1 Bb6 13. h3 Bh5 14. Ne5 Bxe2 15. Qxe2 Nxe5 16. Bxe5 Re8 17. Nf3 Rc8 18. Rxc8 Qxc8 19. Bxf6 gxf6 20. Rd1 Qe6 21. Nd4 Qe4 22. Qh5 Re5 23. Qg4+ Qxg4 24. hxg4 Bxd4 25. Rxd4 Kf8 26. Kf1 Ke7 27. Ke2 Ke6 28. Kd3 Rg5 29. a4 a5 30. f3 h5 31. gxh5 Rxh5 32. g4 Rh1 33. e4 dxe4+ 34. Rxe4+ Kd6 35. Rf4 Ke7 36. Kc4 Rc1+ 37. Kd4 Rb1 38. Kc3 Rc1+ 39. Kd3 Rb1 40. Kc2 Rf1 41. Rf5 b6 42. Kc3 Rc1+ 43. Kd3 Rb1 44. Rb5 Rd1+ 45. Kc4 Rf1 46. Rf5 Rb1 47. Rb5 Rf1 48. Rf5 Rb1 49. Kc3 Rc1+ 50. Kd3 Rf1 51. Ke2 Rc1 52. Rb5 Rc6 53. Kd3 Ke6 54. Ke4 Rd6 55. Ke3 Rc6 56. Kd4 Rd6+ 57. Ke4 Rc6 58. Kf4 Rd6 59. Kg3 Rc6 60. Kh4 Rd6 61. Kg3 Rc6 62. Kf4 Rd6 63. Ke4 Rc6 64. Ke3 Rd6 65. Rf5 Rc6 66. Kd4 Rc1 67. Rb5 Rc6 68. Ke3 Kd6 69. Ke4 Ke6 70. Rd5 Rc3 71. Rb5 Rc6 72. f4 Kd6 73. Kf5 Ke7 74. Ke4 Ke6 75. Ke3 Kd6 76. Kd4 Ke6 77. Ke4 Kd6 78. Rd5+ Ke6 79. Rd3 Rc5 80. f5+ Ke7 81. Rh3 Re5+ 82. Kd4 Re1 83. Kc4 Rg1 84. Kb5 Rxg4 85. Kxb6 Rb4+ 86. Kxa5 Rf4 87. b4 Rxf5+ 88. b5 Rf1 89. Kb6 f5 90. a5 f4 91. a6 Ra1 92. Kb7 Ke6 93. b6 Ke5 94. a7 Ke4 95. Rh1 Rxh1 96. a8Q f3 97. Kc7+ Ke3 98. Qa3+ Ke2 99. Qa2+ Ke3 100. Qb3+ Kf2 1-0

[Event "RUS-chT rapid"]
[Site "Sochi"]
[Date "2016.10.05"]
[Round "1.4"]
[White "Pridorozhni, Aleksei"]
[Black "Sanin, Andrey"]
[Result "1-0"]
[WhiteElo "2579"]
[BlackElo "2222"]
[PlyCount "97"]
[EventDate "2016.10.05"]
[EventType "team-swiss (rapid)"]
[EventRounds "9"]
[EventCountry "RUS"]
[SourceTitle "EXT 2017"]
[Source "ChessBase"]
[SourceDate "2016.10.25"]
[SourceVersion "1"]
[SourceVersionDate "2016.10.25"]
[SourceQuality "1"]
[WhiteTeam "Malachite Sverdlovsk Region"]
[BlackTeam "Tauris Krym Republic"]
[WhiteTeamCountry "RUS"]
[BlackTeamCountry "RUS"]

1. e4 e6 2. d4 d5 3. Nd2 c5 4. Ngf3 Nc6 5. exd5 exd5 6. Bb5 Nf6 7. 0-0 Be7 8. dxc5 Bxc5 9. Nb3 Be7 10. Bg5 0-0 11. c3 a6 12. Be2 Bg4 13. Nfd4 Bxe2 14. Qxe2 Nxd4 15. Nxd4 Qd7 16. Rad1 Rfe8 17. Qf3 Ne4 18. Bxe7 Qxe7 19. Nf5 Qe5 20. Ne3 Rad8 21. Rd4 Rd6 22. Qf5 Qxf5 23. Nxf5 Rb6 24. f3 Nf6 25. Rd2 Rbe6 26. Kf2 g6 27. Nd4 R6e7 28. Nc2 a5 29. Re1 Rxe1 30. Nxe1 Kf8 31. g4 h6 32. h4 Rd8 33. Ng2 Ke7 34. Nf4 g5 35. Ng2 Ke6 36. Re2+ Kd7 37. h5 Ng8 38. Ne3 Ne7 39. Rd2 Kc6 40. Nc4 f6 41. Nxa5+ Kc7 42. Nb3 f5 43. Nd4 Kd7 44. Nxf5 Nxf5 45. gxf5 Kc6 46. Kg3 Rf8 47. Kg4 Ra8 48. b3 Re8 49. f6 1-0

[Event "RUS-ch blitz"]
[Site "Sochi"]
[Date "2016.10.04"]
[Round "1.12"]
[White "Sanin, Andrey"]
[Black "Bocharov, Dmitry"]
[Result "0-1"]
[WhiteElo "2222"]
[BlackElo "2611"]
[PlyCount "114"]
[EventDate "2016.10.04"]
[EventType "swiss (blitz)"]
[EventRounds "22"]
[EventCountry "RUS"]
[SourceTitle "EXT 2017"]
[Source "ChessBase"]
[SourceDate "2016.10.25"]
[SourceVersion "1"]
[SourceVersionDate "2016.10.25"]
[SourceQuality "1"]

1. e4 g6 2. d4 Bg7 3. Nc3 d6 4. h4 h6 5. Be2 a6 6. a4 Nc6 7. Be3 e5 8. dxe5 Nxe5 9. f4 Nc6 10. Qd2 h5 11. 0-0-0 Nh6 12. Nf3 Ng4 13. Bg1 0-0 14. Nd4 Bd7 15. Kb1 b5 16. Bxg4 hxg4 17. h5 Ne7 18. Nde2 b4 19. Nd5 Nxd5 20. Qxd5 Be6 21. Qd2 b3 22. Bd4 bxc2+ 23. Qxc2 Bxd4 24. Nxd4 g5 25. f5 Bd7 26. Qc3 Qf6 27. Ne2 Qxc3 28. Nxc3 Bc6 29. Rhe1 Rfe8 30. Rd4 Re7 31. Rc4 Bb7 32. e5 dxe5 33. f6 Re6 34. Rxg4 Rxf6 35. Rxg5+ Kh7 36. Rexe5 Rg8 37. Rxg8 Kxg8 38. g4 Rf4 39. g5 Rg4 40. Rc5 Bf3 41. h6 c6 42. Ka2 Kh7 43. Rf5 Bg2 44. Rxf7+ Kg8 45. Rf5 Bh3 46. Rc5 Bg2 47. Kb3 Kf7 48. Ne2 Bd5+ 49. Kc3 Rxg5 50. Nd4 Rg3+ 51. Kc2 Rg4 52. Nxc6 Bxc6 53. Rxc6 Rxa4 54. Rc7+ Kg8 55. h7+ Kh8 56. Kc3 Rh4 57. b4 Rh6 0-1